Fossils

Bibliographic Details
Main Author: Llewellyn,Claire
Format: Book
Published: Oxford : Rigby , 2000

MARC

LEADER 00000cam a2200000 7i4500
001 0000072042
005 20170405.0
008 170405
020 |a 0433036125 
090 0 0 |a JP   |b ENG 
100 1 |a Llewellyn,Claire 
245 1 0 |a Fossils   |c Claire Llewellyn 
260 |a Oxford :   |b Rigby ,   |c 2000 
999 |a 0000799509   |b Book   |c Children Collection   |e Cawangan Pontian 
999 |a 0000817852   |b Book   |c Children Collection   |e Cawangan Bandar Penawar